[Event "4MCR_3DW_1L_1S"]
[Site "CR"]
[Date "2011.??.??"]
[Round "?"]
[White "Nepustil, Frantisek"]
[Black "Hrdy, Roman"]
[Result "1-0"]
[WhiteElo "2360"]
[BlackElo "2333"]
[Annotator "086"]
[PlyCount "101"]
[EventDate "2011.??.??"]
[EventType "corr"]

1. e4 c5 2. Nf3 d6 3. d4 cxd4 4. Nxd4 Nf6 5. Nc3 a6 6. Bg5 e6 7. Qf3 h6 8. Be3
Bd7 9. O-O-O Nc6 10. Qg3 Rc8 11. Nxc6 Bxc6 12. Bd3 Qc7 13. Rhe1 b5 14. Bd4 h5
15. h4 Be7 16. Nd5 Nxd5 17. Qxg7 Kd7 18. exd5 Bxd5 19. Re3 Rhf8 20. g3 Bxa2 21.
Qh7 Bc4 22. Be4 f5 23. Bf3 b4 24. Rd2 b3 25. Be5 Kd8 26. Bf4 Qd7 27. Qg7 d5 28.
Rc3 Qa4 29. cxb3 Bxb3 30. Rxc8+ Kxc8 31. Rc2+ Kd8 32. Rc5 Qb4 33. Rc3 Bc4 34.
Bxh5 Qc5 35. Be3 Qd6 36. Kc2 f4 37. gxf4 Kc8 38. Bf7 Qd7 39. f5 exf5 40. Bxd5
Qxd5 41. Qxe7 Rf7 42. Qe8+ Kb7 43. b3 Qe6 44. Qd8 Bb5 45. Kb2 Qd7 46. Qb6+ Ka8
47. Bf4 Qe8 48. h5 Rd7 49. Qc5 Qe2+ 50. Rc2 Qe8 51. h6 1-0

[Event "4MCR_3DW_1L_1S"]
[Site "CR"]
[Date "2011.??.??"]
[Round "?"]
[White "Hrdy, Roman"]
[Black "Vozda, Jindrich"]
[Result "0-1"]
[WhiteElo "2333"]
[BlackElo "2451"]
[Annotator "087"]
[PlyCount "96"]
[EventDate "2011.??.??"]
[EventType "corr"]

1. d4 Nf6 2. Bg5 e6 3. e4 h6 4. Bxf6 Qxf6 5. c3 d5 6. Bd3 c5 7. Nf3 Nc6 8. Qe2
dxe4 9. Qxe4 cxd4 10. cxd4 Bd7 11. O-O O-O-O 12. Nc3 Be8 13. Rac1 Kb8 14. d5
exd5 15. Nxd5 Qe6 16. Rfe1 Bd6 17. h3 Qxe4 18. Bxe4 Bd7 19. Rcd1 Be6 20. Nc3
Bb4 21. a3 Bxc3 22. bxc3 Rxd1 23. Rxd1 Rc8 24. Rd3 Kc7 25. Re3 Kd6 26. g4 b6
27. Rd3+ Ke7 28. Kg2 Na5 29. Nd4 Nc4 30. Nc6+ Rxc6 31. Bxc6 Ne5 32. Bb5 Nxd3
33. Bxd3 Kd6 34. Kg3 Kc5 35. Kf4 f6 36. f3 Bc4 37. Bc2 Bg8 38. Bd3 g5+ 39. Ke3
Bc4 40. Bc2 Bf1 41. Kf2 Bb5 42. Ke3 a6 43. Bb3 Bc6 44. f4 a5 45. f5 Bg2 46. Bf7
Bxh3 47. Kf3 Bf1 48. Ke3 Bg2 0-1

[Event "4MCR_3DW_1L_1S"]
[Site "CR"]
[Date "2011.??.??"]
[Round "?"]
[White "Pravec, Ladislav"]
[Black "Canibal, Jaromir"]
[Result "1/2-1/2"]
[WhiteElo "2331"]
[BlackElo "2293"]
[Annotator "088"]
[PlyCount "110"]
[EventDate "2011.??.??"]
[EventType "corr"]

1. d4 Nf6 2. c4 g6 3. Nf3 Bg7 4. Nc3 O-O 5. g3 c6 6. Bg2 d5 7. cxd5 cxd5 8. Ne5
e6 9. O-O Nc6 10. Nxc6 bxc6 11. Na4 Nd7 12. Bf4 Qa5 13. Bd6 Re8 14. b3 e5 15.
dxe5 Nxe5 16. Rc1 Ba6 17. Nc5 Rad8 18. Nxa6 Rxd6 19. Nc5 Qb5 20. Qd2 Rdd8 21.
Rc2 Qb6 22. Rd1 Bf8 23. Na4 Qb5 24. e3 Bb4 25. Qd4 Qa5 26. Nc5 Qb6 27. h3 a5
28. Kh2 Rd6 29. Na4 Qxd4 30. Rxd4 f5 31. Nc5 Rb8 32. g4 Kg7 33. Kg3 h5 34. Na6
Rb7 35. Nxb4 Rxb4 36. f4 Nd7 37. gxh5 gxh5 38. Bf3 Rxd4 39. exd4 Nf8 40. Rc5
Ne6 41. Rxa5 Nxd4 42. Bxh5 Re6 43. Ra4 Re3+ 44. Kh4 c5 45. Ra7+ Kf6 46. Rc7 Rc3
47. Rf7+ Ke6 48. Ra7 Kf6 49. Rd7 Ke6 50. Rb7 Kd6 51. Rb8 Nc6 52. Ra8 Re3 53.
Rg8 c4 54. bxc4 dxc4 55. Rg3 Re7 1/2-1/2

[Event "4MCR_3DW_1L_1S"]
[Site "CR"]
[Date "2011.??.??"]
[Round "?"]
[White "Vozda, Jindrich"]
[Black "Pravec, Ladislav"]
[Result "1-0"]
[WhiteElo "2451"]
[BlackElo "2331"]
[Annotator "089"]
[PlyCount "115"]
[EventDate "2011.??.??"]
[EventType "corr"]

1. e4 c5 2. Nf3 Nc6 3. d4 cxd4 4. Nxd4 Nf6 5. Nc3 e5 6. Ndb5 d6 7. Bg5 a6 8.
Na3 b5 9. Bxf6 gxf6 10. Nd5 f5 11. c3 Bg7 12. exf5 Bxf5 13. Nc2 O-O 14. Nce3
Be6 15. Bd3 f5 16. O-O Kh8 17. Qh5 e4 18. Bc2 Ne7 19. Rad1 Rb8 20. f3 Nxd5 21.
Nxd5 Bxd5 22. Rxd5 Qb6+ 23. Kh1 Qe3 24. f4 Rf6 25. Qd1 b4 26. cxb4 Rxb4 27. Bb3
Rf8 28. Qh5 Rb5 29. Rxd6 Rb6 30. Re6 Rbb8 31. Rc6 Rbd8 32. Be6 Qd3 33. Rcc1 Qb5
34. b4 a5 35. bxa5 Rd6 36. Bb3 Qxa5 37. Rc2 Qd8 38. g3 Qa8 39. Kg2 Rh6 40. Qe2
Rd6 41. h4 Rd3 42. Rfc1 Qd8 43. Kh3 Qe8 44. Rc6 Qd8 45. Rc7 Qd6 46. R1c6 Qd4
47. Qe1 Rd8 48. h5 Bf8 49. h6 Bb4 50. Qf1 Rf3 51. Qg2 Rf2 52. Qg1 Rd2 53. Qxd4+
R2xd4 54. Rf6 R4d7 55. Rxd7 Rxd7 56. Rxf5 Rd8 57. Kg4 Ba3 58. Re5 1-0

[Event "4MCR_3DW_1L_1S"]
[Site "CR"]
[Date "2011.??.??"]
[Round "?"]
[White "Canibal, Jaromir"]
[Black "Pravec, Ladislav"]
[Result "1-0"]
[WhiteElo "2293"]
[BlackElo "2331"]
[Annotator "090"]
[PlyCount "107"]
[EventDate "2011.??.??"]
[EventType "corr"]

1. e4 c5 2. c3 d5 3. exd5 Qxd5 4. d4 Nf6 5. Nf3 e6 6. Na3 Bd7 7. Nb5 Na6 8. c4
Qc6 9. Be2 Qb6 10. O-O Bxb5 11. cxb5 Nb4 12. a4 cxd4 13. a5 Qd6 14. Qxd4 Qxd4
15. Nxd4 Rd8 16. Rd1 Be7 17. Bf4 Nfd5 18. Be5 Bf6 19. Bxf6 Nxf6 20. Bf3 Nbd5
21. a6 b6 22. Nc6 Rd7 23. Rac1 O-O 24. Ne5 Rdd8 25. Rc4 g6 26. Rdc1 Kg7 27. Kf1
Ne8 28. Nc6 Rd7 29. Bxd5 exd5 30. Rb4 Nf6 31. Rd1 Ne8 32. f3 f5 33. Kf2 Nf6 34.
Rb3 Ne8 35. g3 Kg8 36. h4 Kg7 37. Rbd3 Nf6 38. Nd4 Kg8 39. Re1 Ne8 40. Rde3 Nc7
41. Re5 Rff7 42. h5 Kg7 43. f4 Rf6 44. Re7+ Rf7 45. R7e2 Rf6 46. Rh1 Rf8 47.
h6+ Kf7 48. Rc1 Re8 49. Nf3 Kf8 50. Rxe8+ Kxe8 51. Ne5 Nxb5 52. Nxd7 Kxd7 53.
Ke3 Nc7 54. Kd4 1-0

[Event "4MCR_3DW_1L_2S"]
[Site "CR"]
[Date "2011.??.??"]
[Round "?"]
[White "Kyhos, Alois"]
[Black "Cernovsky, Karel"]
[Result "1/2-1/2"]
[WhiteElo "2315"]
[BlackElo "2253"]
[Annotator "001"]
[PlyCount "72"]
[EventDate "2011.??.??"]
[EventType "corr"]

1. d4 Nf6 2. c4 e6 3. Nf3 d5 4. Nc3 c6 5. Bg5 dxc4 6. e4 b5 7. e5 h6 8. Bh4 g5
9. Nxg5 hxg5 10. Bxg5 Nbd7 11. exf6 Bb7 12. g3 c5 13. d5 Bh6 14. Bxh6 Rxh6 15.
Qd2 Qxf6 16. Ne4 Qf3 17. Nd6+ Ke7 18. Qxh6 Kxd6 19. Rg1 Ne5 20. Be2 Nd3+ 21.
Bxd3 cxd3 22. Qe3 Qxe3+ 23. fxe3 Bxd5 24. Rf1 f5 25. Kd2 c4 26. Rf4 Be4 27. a3
a5 28. Rh4 Rb8 29. Rc1 a4 30. Rh7 b4 31. Rxc4 bxa3 32. Rd4+ Ke5 33. bxa3 Rb2+
34. Kc3 Rb3+ 35. Kc4 Rxa3 36. g4 Ra1 1/2-1/2

[Event "4MCR_3DW_1L_2S"]
[Site "CR"]
[Date "2011.??.??"]
[Round "?"]
[White "Cernovsky, Karel"]
[Black "Kyhos, Alois"]
[Result "1/2-1/2"]
[WhiteElo "2253"]
[BlackElo "2315"]
[Annotator "002"]
[PlyCount "63"]
[EventDate "2011.??.??"]
[EventType "corr"]

1. e4 e5 2. Nf3 Nc6 3. Bb5 a6 4. Ba4 Nf6 5. O-O Be7 6. Re1 b5 7. Bb3 O-O 8. c3
d5 9. exd5 Nxd5 10. Nxe5 Nxe5 11. Rxe5 c6 12. d4 Bd6 13. Re1 Qh4 14. g3 Qh3 15.
Bxd5 cxd5 16. Qf3 Bf5 17. Qxd5 Rae8 18. Bd2 Bf4 19. Rxe8 Rxe8 20. Qc6 Bd7 21.
Qf3 Bg5 22. c4 h6 23. Be3 Bf5 24. Nd2 Bg4 25. Qg2 Rxe3 26. fxe3 Bxe3+ 27. Kh1
Qxg2+ 28. Kxg2 Bxd2 29. c5 Kf8 30. d5 Be3 31. c6 Bc5 32. h3 1/2-1/2

[Event "4MCR_3DW_1L_2S"]
[Site "CR"]
[Date "2011.??.??"]
[Round "?"]
[White "Kratochvil, Jan"]
[Black "Paulik, Vaclav"]
[Result "1/2-1/2"]
[WhiteElo "2114"]
[BlackElo "2281"]
[Annotator "003"]
[PlyCount "61"]
[EventDate "2011.??.??"]
[EventType "corr"]

1. d4 Nf6 2. c4 e6 3. Nf3 d5 4. Nc3 Bb4 5. Bg5 h6 6. Bxf6 Qxf6 7. cxd5 exd5 8.
Qb3 c5 9. e3 Nc6 10. Bb5 a6 11. Bxc6+ bxc6 12. O-O Rb8 13. dxc5 Bg4 14. a3 Bxf3
15. gxf3 Qxf3 16. Rfe1 O-O 17. axb4 Qg4+ 18. Kf1 Rxb4 19. Qc2 Rfb8 20. Ra4 Qh3+
21. Kg1 Qg4+ 22. Kf1 Qh3+ 23. Kg1 Rxb2 24. Qc1 Rxf2 25. Kxf2 Qxh2+ 26. Kf3 Rb2
27. Ne2 Qh3+ 28. Kf2 Qh2+ 29. Kf3 Qh3+ 30. Kf2 Qh2+ 31. Kf3 1/2-1/2

[Event "4MCR_3DW_1L_2S"]
[Site "CR"]
[Date "2011.??.??"]
[Round "?"]
[White "Kratochvil, Jan"]
[Black "Cernovsky, Karel"]
[Result "1/2-1/2"]
[WhiteElo "2114"]
[BlackElo "2253"]
[Annotator "004"]
[PlyCount "108"]
[EventDate "2011.??.??"]
[EventType "corr"]

1. d4 Nf6 2. c4 e6 3. Nf3 d5 4. Nc3 c6 5. Bg5 h6 6. Bxf6 Qxf6 7. e3 Nd7 8. Bd3
dxc4 9. Bxc4 g6 10. O-O Bg7 11. Rc1 O-O 12. e4 e5 13. d5 Nb6 14. dxc6 bxc6 15.
Be2 Rd8 16. Qc2 Be6 17. Nd1 Rd6 18. Ne3 Rad8 19. Rfd1 Rxd1+ 20. Bxd1 h5 21. b3
Qe7 22. Be2 f6 23. Ne1 Bf7 24. Qc3 Qa3 25. Rc2 Be8 26. Nd3 Rd4 27. Nc5 Bf8 28.
f3 Be7 29. Na6 Kf7 30. g3 Bd6 31. Nf1 Kg8 32. Nd2 Bf8 33. f4 Qe7 34. a4 Kh7 35.
a5 Nc8 36. Kg2 h4 37. Bf1 Nd6 38. Nc5 Bd7 39. fxe5 fxe5 40. Nf3 h3+ 41. Kg1
Nxe4 42. Nxe4 Rxe4 43. Bd3 Rb4 44. Nxe5 Bg7 45. Re2 Bf5 46. Bxf5 gxf5 47. Qf3
Qf6 48. Nxc6 Qa1+ 49. Kf2 Bd4+ 50. Nxd4 Qxd4+ 51. Qe3 Qxe3+ 52. Rxe3 Kg6 53. g4
fxg4 54. Kg3 Rd4 1/2-1/2

[Event "4MCR_3DW_1L_2S"]
[Site "CR"]
[Date "2011.??.??"]
[Round "?"]
[White "Cernovsky, Karel"]
[Black "Kratochvil, Jan"]
[Result "1-0"]
[WhiteElo "2253"]
[BlackElo "2114"]
[Annotator "007"]
[PlyCount "99"]
[EventDate "2011.??.??"]
[EventType "corr"]

1. e4 e6 2. d4 d5 3. Nc3 Bb4 4. e5 Ne7 5. a3 Bxc3+ 6. bxc3 c5 7. Qg4 Nf5 8. Bd3
h5 9. Qf4 Nc6 10. Nf3 c4 11. Bxf5 exf5 12. O-O h4 13. Ng5 Qa5 14. Bd2 Be6 15.
Rfb1 Qc7 16. a4 O-O-O 17. Rb5 Qd7 18. Nh3 b6 19. Rab1 Qe7 20. Ng5 Rh5 21. Ra1
Qd7 22. Qe3 Rhh8 23. Qe1 Na5 24. Qb1 Qb7 25. Qb4 Qc6 26. Rb1 Qc7 27. Qa3 Rde8
28. Bf4 Qe7 29. Qb2 Qc7 30. h3 Rhg8 31. Qa3 Qe7 32. Qa1 Qd7 33. Bc1 Qc6 34. Ba3
Kd7 35. R5b2 Qb7 36. Bb4 Nc6 37. Bc5 Ra8 38. Bxb6 Rgb8 39. Bc5 Qa6 40. Rb5 Kc8
41. Bd6 Rxb5 42. Rxb5 Kd7 43. Qb2 Nd8 44. Qb4 Qc8 45. Nxe6 Kxe6 46. Rc5 Qa6 47.
Rc7 f4 48. Qb1 Kf5 49. Qd1 Kg6 50. Qg4+ 1-0

[Event "4MCR_3DW_1L_2S"]
[Site "CR"]
[Date "2011.??.??"]
[Round "?"]
[White "Kratochvil, Jan"]
[Black "Portych, Vaclav"]
[Result "1/2-1/2"]
[WhiteElo "2114"]
[BlackElo "2178"]
[Annotator "006"]
[PlyCount "40"]
[EventDate "2011.??.??"]
[EventType "corr"]

1. d4 Nf6 2. c4 e6 3. Nf3 b6 4. g3 Bb4+ 5. Bd2 a5 6. Bg2 O-O 7. a3 Be7 8. Nc3
Bb7 9. O-O Ne4 10. Rc1 d6 11. Qc2 Nxc3 12. Bxc3 Nd7 13. d5 Bf6 14. Nd4 Qe7 15.
b4 Bxd4 16. Bxd4 f5 17. Bc3 axb4 18. axb4 Nf6 19. Qd3 Ra2 20. Ra1 Rfa8 1/2-1/2

[Event "4MCR_3DW_1L_2S"]
[Site "CR"]
[Date "2011.??.??"]
[Round "?"]
[White "Portych, Vaclav"]
[Black "Kratochvil, Jan"]
[Result "1/2-1/2"]
[WhiteElo "2178"]
[BlackElo "2114"]
[Annotator "007"]
[PlyCount "39"]
[EventDate "2011.??.??"]
[EventType "corr"]

1. c4 Nf6 2. Nc3 e5 3. g3 Bb4 4. Nf3 Nc6 5. Nd5 e4 6. Nh4 O-O 7. Bg2 Re8 8. O-O
Bc5 9. e3 d6 10. f3 Nxd5 11. cxd5 exf3 12. Nxf3 Ne7 13. d4 Bb6 14. Qb3 a5 15.
a4 Nf5 16. Bd2 f6 17. Rac1 Bd7 18. Ne1 Re7 19. Qd3 Nh6 20. b3 1/2-1/2

[Event "4MCR_3DW_1L_2S"]
[Site "CR"]
[Date "2011.??.??"]
[Round "?"]
[White "Paulik, Vaclav"]
[Black "Cernovsky, Karel"]
[Result "1/2-1/2"]
[WhiteElo "2281"]
[BlackElo "2253"]
[Annotator "008"]
[PlyCount "45"]
[EventDate "2011.??.??"]
[EventType "corr"]

1. e4 e5 2. Nf3 Nc6 3. Bb5 a6 4. Bxc6 dxc6 5. O-O f6 6. d4 Bg4 7. dxe5 Qxd1 8.
Rxd1 fxe5 9. Rd3 Bd6 10. Nbd2 Nf6 11. Nc4 O-O 12. Nfxe5 Be2 13. Rd2 Bxc4 14.
Nxc4 Bc5 15. Re2 Rae8 16. Be3 Rxe4 17. Bxc5 Rxe2 18. Bxf8 Kxf8 19. Rc1 Ne4 20.
f3 b5 21. Na5 Nd6 22. Nxc6 Nf5 23. g3 1/2-1/2

[Event "4MCR_3DW_1L_2S"]
[Site "CR"]
[Date "2011.??.??"]
[Round "?"]
[White "Svoboda, Frantisek"]
[Black "Kratochvil, Jan"]
[Result "1/2-1/2"]
[WhiteElo "2416"]
[BlackElo "2114"]
[Annotator "009"]
[PlyCount "60"]
[EventDate "2011.??.??"]
[EventType "corr"]

1. c4 Nf6 2. Nc3 d5 3. cxd5 Nxd5 4. g3 g6 5. Bg2 Nxc3 6. bxc3 Bg7 7. Rb1 Nc6 8.
Qc2 O-O 9. Nf3 Na5 10. d3 c5 11. h4 Bg4 12. c4 Qc7 13. Nh2 Bd7 14. h5 Nc6 15.
Qd2 Rab8 16. Nf3 e5 17. Bb2 b5 18. cxb5 Rxb5 19. Ng5 e4 20. O-O e3 21. fxe3
Rfb8 22. Rxf7 Bxb2 23. Rxb2 Rxb2 24. Qc3 Nd4 25. Qc4 Nxe2+ 26. Kf1 Nxg3+ 27.
Kg1 Ne2+ 28. Kf1 Bb5 29. Qe6 Ng3+ 30. Kg1 Bc4 1/2-1/2

[Event "4MCR_3DW_1L_2S"]
[Site "CR"]
[Date "2011.??.??"]
[Round "?"]
[White "Alexa, Jaroslav"]
[Black "Kratochvil, Jan"]
[Result "1-0"]
[WhiteElo "2327"]
[BlackElo "2114"]
[Annotator "010"]
[PlyCount "69"]
[EventDate "2011.??.??"]
[EventType "corr"]

1. d4 Nf6 2. c4 g6 3. Nc3 Bg7 4. e4 d6 5. f3 O-O 6. Be3 e5 7. d5 Nh5 8. Qd2 f5
9. O-O-O a6 10. exf5 gxf5 11. Nh3 a5 12. g4 fxg4 13. fxg4 Bxg4 14. Rg1 Bxd1 15.
Qxd1 Qe8 16. Ng5 Nf4 17. Bxf4 Rxf4 18. Ne6 Rf7 19. Be2 Re7 20. Bh5 Qd7 21. Ne4
Kh8 22. N4g5 Nc6 23. dxc6 bxc6 24. Qf3 Rxe6 25. Nf7+ Kg8 26. Qg4 Rg6 27. Qxd7
Rxg1+ 28. Kd2 Bf6 29. Qxc7 Rf8 30. Nxd6 e4 31. Qxc6 Bg5+ 32. Kc3 Bf6+ 33. Kb3
Rb8+ 34. Ka4 Bxb2 35. Qxe4 1-0

[Event "4MCR_3DW_1L_2S"]
[Site "CR"]
[Date "2011.??.??"]
[Round "?"]
[White "Paulik, Vaclav"]
[Black "Bares, Jiri"]
[Result "1/2-1/2"]
[WhiteElo "2281"]
[BlackElo "2219"]
[Annotator "011"]
[PlyCount "50"]
[EventDate "2011.??.??"]
[EventType "corr"]

1. e4 c5 2. c3 d5 3. exd5 Qxd5 4. d4 Nf6 5. Nf3 Bg4 6. Be2 e6 7. Na3 Nc6 8. h3
Bh5 9. O-O a6 10. Nc2 cxd4 11. Ncxd4 Nxd4 12. Nxd4 Bxe2 13. Qxe2 Bd6 14. Nf3
Rd8 15. Bg5 Qf5 16. Rad1 O-O 17. Bxf6 Qxf6 18. Qe4 Qe7 19. Rd2 Bb8 20. Rfd1
Rxd2 21. Rxd2 Rd8 22. Rxd8+ Qxd8 23. g3 Qb6 24. Ne5 Bxe5 25. Qxe5 f6 1/2-1/2

[Event "4MCR_3DW_1L_2S"]
[Site "CR"]
[Date "2011.??.??"]
[Round "?"]
[White "Cernovsky, Karel"]
[Black "Portych, Vaclav"]
[Result "1/2-1/2"]
[WhiteElo "2253"]
[BlackElo "2178"]
[Annotator "012"]
[PlyCount "45"]
[EventDate "2011.??.??"]
[EventType "corr"]

1. e4 c5 2. Nf3 Nc6 3. d4 cxd4 4. Nxd4 Nf6 5. Nc3 d6 6. Bg5 e6 7. Qd2 Be7 8.
O-O-O O-O 9. f4 Nxd4 10. Qxd4 Qa5 11. Bc4 Rd8 12. e5 dxe5 13. Qxe5 Qb6 14. f5
h6 15. Bh4 Ng4 16. Qg3 Nf6 17. Rxd8+ Bxd8 18. Re1 Bc7 19. Qd3 Qd6 20. Qxd6 Bxd6
21. h3 exf5 22. Bxf6 gxf6 23. Re8+ 1/2-1/2

[Event "4MCR_3DW_1L_2S"]
[Site "CR"]
[Date "2011.??.??"]
[Round "?"]
[White "Cernovsky, Karel"]
[Black "Mezera, Lukas"]
[Result "1/2-1/2"]
[WhiteElo "2253"]
[BlackElo "2319"]
[Annotator "013"]
[PlyCount "57"]
[EventDate "2011.??.??"]
[EventType "corr"]

1. e4 c5 2. Nf3 d6 3. d4 cxd4 4. Nxd4 Nf6 5. Nc3 g6 6. Be3 Bg7 7. f3 O-O 8. Qd2
Nc6 9. O-O-O d5 10. exd5 Nxd5 11. Nxc6 bxc6 12. Nxd5 cxd5 13. Qxd5 Qc7 14. Qc5
Qb7 15. b3 Bf5 16. Qa5 Rac8 17. Bd3 Rc3 18. Bxf5 Rxe3 19. Be4 Qb8 20. g3 Qc8
21. g4 Qb8 22. Kb1 Qf4 23. Rd8 Bc3 24. Rxf8+ Kxf8 25. Qxa7 Qxh2 26. Qxe3 Qxh1+
27. Qc1 Qh2 28. a3 h5 29. gxh5 1/2-1/2

[Event "4MCR_3DW_1L_2S"]
[Site "CR"]
[Date "2011.??.??"]
[Round "?"]
[White "Bares, Jiri"]
[Black "Cernovsky, Karel"]
[Result "1/2-1/2"]
[WhiteElo "2219"]
[BlackElo "2253"]
[Annotator "014"]
[PlyCount "61"]
[EventDate "2011.??.??"]
[EventType "corr"]

1. d4 Nf6 2. c4 e6 3. Nf3 d5 4. Nc3 c6 5. Bg5 dxc4 6. e4 b5 7. e5 h6 8. Bh4 g5
9. Nxg5 hxg5 10. Bxg5 Nbd7 11. exf6 Bb7 12. g3 c5 13. d5 Nxf6 14. Bg2 Bh6 15.
Bxf6 Qxf6 16. O-O O-O-O 17. Nxb5 a6 18. Nc3 exd5 19. Re1 d4 20. Bxb7+ Kxb7 21.
Ne4 Qc6 22. Qh5 Kb8 23. Qxc5 Qxc5 24. Nxc5 Kc7 25. Rad1 a5 26. Re5 Kc6 27. Na4
Rd5 28. Rxd5 Kxd5 29. Nc3+ Kc5 30. Ne4+ Kd5 31. Nc3+ 1/2-1/2

[Event "4MCR_3DW_1L_2S"]
[Site "CR"]
[Date "2011.??.??"]
[Round "?"]
[White "Portych, Vaclav"]
[Black "Kyhos, Alois"]
[Result "1/2-1/2"]
[WhiteElo "2178"]
[BlackElo "2315"]
[Annotator "015"]
[PlyCount "43"]
[EventDate "2011.??.??"]
[EventType "corr"]

1. c4 e5 2. g3 Nf6 3. Bg2 d5 4. cxd5 Nxd5 5. Nf3 Nc6 6. O-O Nb6 7. Nc3 Be7 8.
a3 O-O 9. b4 Re8 10. d3 Bf8 11. Bb2 a5 12. b5 Nd4 13. Nd2 c6 14. bxc6 Nxc6 15.
Na4 Nxa4 16. Qxa4 Bd7 17. Rfc1 Rb8 18. Qd1 Bg4 19. h3 Be6 20. Nc4 f6 21. Rab1
Qc7 22. Kh2 1/2-1/2

[Event "4MCR_3DW_1L_2S"]
[Site "CR"]
[Date "2011.??.??"]
[Round "?"]
[White "Kyhos, Alois"]
[Black "Portych, Vaclav"]
[Result "1/2-1/2"]
[WhiteElo "2315"]
[BlackElo "2178"]
[Annotator "016"]
[PlyCount "48"]
[EventDate "2011.??.??"]
[EventType "corr"]

1. d4 Nf6 2. c4 e6 3. Nf3 b6 4. g3 Bb7 5. Bg2 Be7 6. O-O O-O 7. Nc3 Ne4 8. Qc2
Nxc3 9. Qxc3 c5 10. Rd1 d6 11. Bf4 Nc6 12. Qd2 Nxd4 13. Nxd4 Bxg2 14. Nxe6 fxe6
15. Kxg2 Qe8 16. Qe3 e5 17. Bg5 Bxg5 18. Qxg5 Qe6 19. Rd5 Rf5 20. Qe3 Raf8 21.
f3 e4 22. Rxf5 Rxf5 23. Qxe4 Re5 24. Qa8+ Kf7 1/2-1/2

[Event "4MCR_3DW_1L_2S"]
[Site "CR"]
[Date "2011.??.??"]
[Round "?"]
[White "Cernovsky, Karel"]
[Black "Alexa, Jaroslav"]
[Result "1/2-1/2"]
[WhiteElo "2253"]
[BlackElo "2327"]
[Annotator "017"]
[PlyCount "61"]
[EventDate "2011.??.??"]
[EventType "corr"]

1. e4 c5 2. Nf3 Nc6 3. d4 cxd4 4. Nxd4 Nf6 5. Nc3 e5 6. Ndb5 d6 7. Bg5 a6 8.
Na3 b5 9. Bxf6 gxf6 10. Nd5 Bg7 11. Bd3 Ne7 12. Nxe7 Qxe7 13. O-O O-O 14. c4 f5
15. Qf3 Qb7 16. exf5 Qxf3 17. gxf3 e4 18. Bxe4 d5 19. Bxd5 Bxf5 20. Bxa8 Rxa8
21. Rae1 Bd3 22. Re3 Bxf1 23. Kxf1 Bxb2 24. cxb5 axb5 25. Nxb5 Rxa2 26. Nd6 Kg7
27. Re2 Ra1+ 28. Kg2 Bf6 29. f4 Rd1 30. Ne4 Rd5 31. Ng3 1/2-1/2

[Event "4MCR_3DW_1L_2S"]
[Site "CR"]
[Date "2011.??.??"]
[Round "?"]
[White "Alexa, Jaroslav"]
[Black "Cernovsky, Karel"]
[Result "1/2-1/2"]
[WhiteElo "2327"]
[BlackElo "2253"]
[Annotator "018"]
[PlyCount "58"]
[EventDate "2011.??.??"]
[EventType "corr"]

1. d4 Nf6 2. c4 e6 3. Nf3 d5 4. Nc3 c6 5. Bg5 dxc4 6. e4 b5 7. e5 h6 8. Bh4 g5
9. Nxg5 hxg5 10. Bxg5 Nbd7 11. exf6 Bb7 12. g3 c5 13. d5 Nxf6 14. Bg2 Bh6 15.
Bxf6 Qxf6 16. O-O O-O-O 17. Nxb5 a6 18. Nc3 exd5 19. Qc2 Qg6 20. Qxg6 fxg6 21.
Rae1 Bg7 22. Re6 Rhg8 23. Bh3 Kc7 24. Re7+ Kb8 25. Bg2 Bxc3 26. bxc3 Rge8 27.
Rg7 Rg8 28. Rf7 Rgf8 29. Re7 Rfe8 1/2-1/2

[Event "4MCR_3DW_1L_2S"]
[Site "CR"]
[Date "2011.??.??"]
[Round "?"]
[White "Mudra, Oldrich"]
[Black "Portych, Vaclav"]
[Result "1/2-1/2"]
[WhiteElo "2154"]
[BlackElo "2178"]
[Annotator "019"]
[PlyCount "45"]
[EventDate "2011.??.??"]
[EventType "corr"]

1. Nf3 Nf6 2. g3 b5 3. Bg2 Bb7 4. O-O e6 5. d4 c5 6. c3 cxd4 7. cxd4 Be7 8. Qd3
a6 9. Bg5 Nc6 10. Nc3 d5 11. a3 O-O 12. Nd2 h6 13. Bxf6 Bxf6 14. Nb3 Rc8 15. e3
Be7 16. Ne2 Nb8 17. Qd2 Nd7 18. Nec1 Rc7 19. Nd3 Qb8 20. Rfc1 Rfc8 21. Rxc7
Rxc7 22. Na5 Nb6 23. Qd1 1/2-1/2

[Event "4MCR_3DW_1L_2S"]
[Site "CR"]
[Date "2011.??.??"]
[Round "?"]
[White "Kyhos, Alois"]
[Black "Kratochvil, Jan"]
[Result "1/2-1/2"]
[WhiteElo "2315"]
[BlackElo "2114"]
[Annotator "020"]
[PlyCount "107"]
[EventDate "2011.??.??"]
[EventType "corr"]

1. d4 Nf6 2. c4 e6 3. Nf3 b6 4. g3 Ba6 5. b3 Bb4+ 6. Bd2 Be7 7. Nc3 O-O 8. Bg2
c6 9. O-O d5 10. Ne5 Nfd7 11. Nxd7 Qxd7 12. cxd5 cxd5 13. Re1 Nc6 14. Bc1 Rac8
15. Bb2 Rc7 16. Qd2 Rfc8 17. Rac1 h6 18. e3 Nb4 19. Bf1 Bxf1 20. Rxf1 b5 21.
Rfe1 Qd8 22. Kg2 a6 23. f3 Qf8 24. Rf1 Nc6 25. Ne2 Bb4 26. Qd1 Bd6 27. e4 Qe7
28. e5 Ba3 29. Rc2 Bxb2 30. Rxb2 Qg5 31. Qd2 Qxd2 32. Rxd2 Nb4 33. Rb1 g5 34.
Rbb2 Kg7 35. f4 Kg6 36. Kf3 f6 37. h3 fxe5 38. dxe5 Rc3+ 39. Kg2 Nd3 40. Rb1
Rc2 41. Rxc2 Rxc2 42. Kf3 Rxa2 43. Nd4 gxf4 44. gxf4 Nc5 45. b4 Ra3+ 46. Ke2
Nd3 47. Nxe6 Kf7 48. Rd1 Nxe5 49. Nd8+ Ke7 50. fxe5 Kxd8 51. Rd3 Ra4 52. Rxd5+
Ke7 53. Rd6 h5 54. Ke3 1/2-1/2

[Event "4MCR_3DW_1L_2S"]
[Site "CR"]
[Date "2011.??.??"]
[Round "?"]
[White "Cernovsky, Karel"]
[Black "Paulik, Vaclav"]
[Result "1/2-1/2"]
[WhiteElo "2253"]
[BlackElo "2281"]
[Annotator "021"]
[PlyCount "105"]
[EventDate "2011.??.??"]
[EventType "corr"]

1. e4 c5 2. Nf3 Nc6 3. d4 cxd4 4. Nxd4 Nf6 5. Nc3 e5 6. Ndb5 d6 7. Bg5 a6 8.
Na3 b5 9. Nd5 Be7 10. Bxf6 Bxf6 11. c3 Bg5 12. Nc2 O-O 13. a4 bxa4 14. Rxa4 a5
15. Bc4 Rb8 16. b3 Kh8 17. Nce3 Bxe3 18. Nxe3 Ne7 19. O-O f5 20. exf5 Bxf5 21.
Ra2 Rf6 22. Re1 Bd7 23. Qa1 Qf8 24. Rxa5 Rxf2 25. Ra7 Rd8 26. Rf1 Rf4 27. Nd5
Nxd5 28. Bxd5 Qe8 29. b4 Rxf1+ 30. Qxf1 Be6 31. Qf3 Qg8 32. Bxe6 Qxe6 33. Ra8
Qe8 34. Rxd8 Qxd8 35. c4 h6 36. b5 Qc7 37. Qd3 Qa7+ 38. Kf1 Qf7+ 39. Ke2 Qh5+
40. Qf3 Qg6 41. Qa8+ Kh7 42. Qd5 Qc2+ 43. Kf3 Qc3+ 44. Ke4 Qc2+ 45. Qd3 Qxg2+
46. Ke3+ Kh8 47. Qxd6 Qxh2 48. Qd8+ Kh7 49. Qd3+ Kg8 50. Ke4 Qh4+ 51. Kxe5 Qe7+
52. Kd4 Qd6+ 53. Kc3 1/2-1/2

[Event "4MCR_3DW_1L_2S"]
[Site "CR"]
[Date "2011.??.??"]
[Round "?"]
[White "Svoboda, Frantisek"]
[Black "Mezera, Lukas"]
[Result "1/2-1/2"]
[WhiteElo "2416"]
[BlackElo "2319"]
[Annotator "022"]
[PlyCount "52"]
[EventDate "2011.??.??"]
[EventType "corr"]

1. c4 e5 2. Nc3 Nf6 3. Nf3 Nc6 4. g3 d5 5. cxd5 Nxd5 6. Bg2 Nb6 7. O-O Be7 8.
a3 O-O 9. b4 Be6 10. Rb1 f6 11. d3 Nd4 12. Bb2 Nxf3+ 13. Bxf3 c6 14. Qc2 a5 15.
b5 cxb5 16. Nxb5 Rc8 17. Bc3 Nd5 18. Qb2 Nxc3 19. Nxc3 b6 20. Rfd1 Bf7 21. Bg4
Rb8 22. e3 Qd6 23. Nb5 Qd5 24. d4 Rfd8 25. Qe2 Qa2 26. Qf1 Kh8 1/2-1/2

[Event "4MCR_3DW_1L_2S"]
[Site "CR"]
[Date "2011.??.??"]
[Round "?"]
[White "Paulik, Vaclav"]
[Black "Kratochvil, Jan"]
[Result "1/2-1/2"]
[WhiteElo "2281"]
[BlackElo "2114"]
[Annotator "023"]
[PlyCount "122"]
[EventDate "2011.??.??"]
[EventType "corr"]

1. e4 e5 2. Nf3 Nc6 3. Bb5 a6 4. Ba4 Nf6 5. d4 exd4 6. O-O Be7 7. Re1 b5 8. Bb3
d6 9. Bd5 Nxd5 10. exd5 Ne5 11. Nxd4 O-O 12. a4 Bd7 13. Nc3 b4 14. Ne4 f5 15.
Nd2 Re8 16. Ne6 Qc8 17. Nb3 g6 18. Na5 c5 19. b3 Bd8 20. Nxd8 Qxd8 21. f4 Qxa5
22. fxe5 Rxe5 23. Rxe5 dxe5 24. Qe2 Qb6 25. Bg5 Qd6 26. Re1 Qxd5 27. Qxe5 Qxe5
28. Rxe5 c4 29. a5 Rc8 30. Re7 cxb3 31. cxb3 Bb5 32. Bh6 Rc3 33. Rg7+ Kf8 34.
Rxg6+ Kf7 35. Rg3 Bd3 36. h3 Rxb3 37. Kh2 Kf6 38. Bd2 Ke6 39. Rf3 h5 40. Re3+
Kd5 41. Bxb4 Kd4 42. Bd2 Rb2 43. Bc1 Ra2 44. Kg3 Rxa5 45. Kh4 Ra2 46. g3 a5 47.
Re8 Bf1 48. Rd8+ Kc4 49. Rc8+ Kd5 50. Rf8 Ke6 51. g4 hxg4 52. hxg4 Bd3 53. g5
Rg2 54. Re8+ Kf7 55. Ra8 Rg1 56. g6+ Rxg6 57. Ra7+ Kf6 58. Rxa5 Rg4+ 59. Kh5
Be2 60. Bb2+ Kf7 61. Rxf5+ Kg8 1/2-1/2